01364nam a22003017i 4500999001700000003000900017008004100026020002200067040007100089082002600160110007900186245015800265260005000423300002900473500003600502505016300538650002100701650003200722650003100754650002700785650003000812650002400842650002100866856002300887942001600910945002100926952011500947 c22739d22739AR-CdUCM231025b20202020pe ao||| |||| 001 0 spa d a978-612-4392-28-3 aMUNICIPALIDAD PROVINCIAL DEL CUSCOcBIBLIOTECA MUNICIPAL DEL CUSCO a582.16098574 / P7bP7 aRed Amazónica de Inventarios Forestales RAIFOR-MonAnPerú, 2020 949233 aPrimer Catálogo de los Árboles de la Amazonía de Madre de Dios, Perú :bFirst Catalogue of the Amazonian Trees Species of Madre de Dios, Perú / aCusco :bUniversidad Andina del Cusco,c2020. a239 páginas. :c23 cm. zBibliografía: página 33-188 aHistoria de las colecciones botánicas en la Amazonía de Madre de Dios -- Áreas de estudio -- Composición de la flora arbórea -- Especies amenazadas  aBotánica92790 aEspecies endémicas 97098 aEspecies amenazadas949034 aFlora arbórea949035 aMétodos de campo949036 aMadre de Dios91067 aAmazonía93433 fwww.uandina.edu.pe 2ddccLIBROS apebmd2023-10-25 002ddc4070aSCbSCcCARTd2023-10-25eDonacióng25.00o582.16098574 / P7pSC0000002369r2023-10-25yLIBROS